| 000 | 00523nam a2200157 a 4500 | ||
|---|---|---|---|
| 008 | 120416s1979 ||||||||||||||||| || u | ||
| 020 | _a0130521590 | ||
| 050 | _aHF 5667 Woo | ||
| 100 | _aWoolf, Emile | ||
| 245 | 1 | 0 | _aAuditing today |
| 250 | _a2nd ed. | ||
| 260 |
_aLondon _bFT Prentice-Hall _c1979 |
||
| 300 | _axvii, 534p. : ill. | ||
| 350 | _a0.00 | ||
| 995 |
_D0.00 _FCBU-MAIN LIBRARY (Kitwe) _H1 _I0.00 _M1 _UAVAILABLE _WDec 7, 2007 _ZAnnex Low-Usage Collection |
||
| 999 |
_c35316 _d35316 |
||